000 00853cam a22002893a 4500
001 267
003 PGUSA
005 20140828082946.0
008 950501s1995||||xxu|||||s|||||000 i eng d
040 _aPGUSA
_beng
042 _adc
050 4 _aPS
100 1 _aWharton, Edith,
_d1862-1937
245 1 4 _aThe Touchstone
_h[electronic resource] /
_cEdith Wharton
260 _bProject Gutenberg,
_c1995
506 _aPublic domain in the USA.
516 _aElectronic text
653 _aRejection (Psychology) -- Fiction
653 _aMarried people -- Fiction
653 _aTriangles (Interpersonal relations) -- Fiction
653 _aLove-letters -- Fiction
653 _aPsychological fiction
653 _aWomen novelists -- Fiction
830 0 _aProject Gutenberg
_v267
856 4 0 _uhttp://www.gutenberg.org/ebooks/267
942 _cEB
999 _c229620
_d229620